000 00649nam a2200181Ia 4500
003 GCL
008 140319s9999 xx 000 0 ara d
040 _aGCL /
_cGCL
082 0 4 _a721
_bع ن
100 1 _aعماد محمد عدنان
245 1 0 _aالنظرة المعمارية لمسالتى السكن والاسكان /
_cعماد محمد عدنان
260 _aالقاهرة :
_bدار دمشق للنشر والتوزيع والطباعة ،
_c1991
300 _a302 ص ؛
_c24سم
650 0 4 _aالاسكان
650 0 4 _aالهندسة المعمارية
650 0 4 _aالانشاءات المعمارية
942 _2ddc
_cBK
999 _c44679
_d44679